[Event "Aimchess US Rapid"]
[Site "chess24.com INT"]
[Date "2021.08.30"]
[EventDate "2021.08.28"]
[Round "11.7"]
[Result "1-0"]
[White "Alireza Firouzja"]
[Black "Vachier-Lagrave, Maxime"]
[WhiteElo "2759"]
[BlackElo "2751"]
[PlyCount "64"]

1. d4 Nf6 2. c4 g6 3. Nc3 d5 4. Nf3 Bg7 5. h4 dxc4 6. e4 c5 7. d5 b5 8. h5 Nxh5
9. Nxb5 O-O 10. Bxc4 Bg4 11. Qc2 Na6 12. Be3 Rb8 13. Qd2 Nc7 14. Nc3 Ne8 15. Bh6
Rxb2 16. Qxb2 Bxh6 17. Ne5 Bd7 18. Be2 Bg7 19. Nxd7 Qxd7 20. Bxh5 gxh5 21. Rc1
Qg4 22. Qe2 Qg5 23. Qe3 Qxe3+ 24. fxe3 Be5 25. Rxh5 f6 26. Na4 Nd6 27. Nxc5 Rc8
28. Kd1 Bb2 29. Rc2 Ba3 30. Ne6 Rxc2 31. Kxc2 Nxe4 32. Rh4 1-0

[Event "Aimchess US Rapid"]
[Site "chess24.com INT"]
[Date "2021.08.30"]
[EventDate "2021.08.28"]
[Round "12.3"]
[Result "0-1"]
[White "Dominguez Perez, Leinier"]
[Black "Alireza Firouzja"]
[WhiteElo "2758"]
[BlackElo "2759"]
[PlyCount "106"]

1. e4 e5 2. Nf3 Nc6 3. Bc4 Nf6 4. d3 Bc5 5. c3 d6 6. O-O a6 7. a4 Ba7 8. Re1 O-O
9. h3 h6 10. Nbd2 Re8 11. b4 Be6 12. Bxe6 Rxe6 13. Qc2 Qd7 14. Nf1 d5 15. Be3
Bxe3 16. Nxe3 Ne7 17. Rab1 Ng6 18. c4 d4 19. Nf5 Rae8 20. c5 Ne7 21. Ng3 b5 22.
cxb6 cxb6 23. b5 Rc8 24. Qa2 a5 25. Rbc1 Qd8 26. Nf5 Ng6 27. h4 Kh7 28. Rc6
Rcxc6 29. bxc6 Qc7 30. Rc1 Nf4 31. Qd2 Re8 32. Rb1 Ne6 33. Qb2 Rb8 34. Qb5 Nc5
35. Nd2 g6 36. Ng3 Ne8 37. Nc4 Nd6 38. Nxd6 Qxd6 39. Nf1 Rc8 40. Qxb6 Rxc6 41.
Qxa5 Nxd3 42. Qb5 Nf4 43. g3 Ne6 44. Nd2 d3 45. Nc4 Qc7 46. Ne3 d2 47. Rd1 Rc1
48. Kg2 Rxd1 49. Nxd1 Qc2 50. Qe2 Nd4 51. Qg4 h5 52. Qd7 Qxe4+ 53. Kg1 Kg7 0-1

[Event "Aimchess US Rapid"]
[Site "chess24.com INT"]
[Date "2021.08.30"]
[EventDate "2021.08.28"]
[Round "13.6"]
[Result "1/2-1/2"]
[White "Alireza Firouzja"]
[Black "Shakhriyar Mamedyarov"]
[WhiteElo "2759"]
[BlackElo "2782"]
[PlyCount "82"]

1. e4 e5 2. Nf3 Nc6 3. Bb5 Nf6 4. O-O Nxe4 5. Re1 Nd6 6. Nxe5 Nxe5 7. Rxe5+ Be7
8. Bf1 O-O 9. d4 Bf6 10. Re1 Re8 11. c3 Rxe1 12. Qxe1 Nf5 13. Bf4 c6 14. Nd2 d5
15. h3 g6 16. Nf3 Ng7 17. Qd2 Bf5 18. Re1 Qf8 19. Ne5 Re8 20. g4 Bc8 21. Bh6 Qd6
22. Qf4 Qd8 23. Bd3 Ne6 24. Qf3 Qe7 25. Re3 Bg7 26. Bxg7 Kxg7 27. Qg3 f6 28. Nf3
Qc7 29. Qxc7+ Nxc7 30. Rxe8 Nxe8 31. Kg2 Nd6 32. Nd2 g5 33. Kg3 f5 34. f4 h6 35.
Nf1 Kf6 36. Ne3 a5 37. a3 Be6 38. Bc2 Bc8 39. Bd3 Be6 40. Bc2 Bc8 41. Bd3 1/2-1/2

[Event "Aimchess US Rapid"]
[Site "chess24.com INT"]
[Date "2021.08.30"]
[EventDate "2021.08.28"]
[Round "14.4"]
[Result "1/2-1/2"]
[White "Vladislav Artemiev"]
[Black "Alireza Firouzja"]
[WhiteElo "2704"]
[BlackElo "2759"]
[PlyCount "112"]

1. Nf3 d5 2. e3 Nf6 3. c4 e6 4. Nc3 Be7 5. b3 O-O 6. Bb2 c5 7. cxd5 exd5 8. d4
Nc6 9. Be2 Ne4 10. O-O Bf6 11. Rc1 cxd4 12. Nxe4 dxe4 13. Nxd4 Nxd4 14. Bxd4
Bxd4 15. Qxd4 Qxd4 16. exd4 Rd8 17. Rfd1 Be6 18. f3 Bd5 19. Rc7 Rac8 20. Rdc1
Rxc7 21. Rxc7 e3 22. Kf1 g6 23. Bd3 Bc6 24. Ke2 Rxd4 25. Kxe3 Rd7 26. Rxd7 Bxd7
27. Be4 b6 28. Kd4 Kf8 29. Kd5 Ke7 30. f4 h6 31. Bd3 Be8 32. b4 Bd7 33. a3 Be8
34. h4 Bd7 35. Bc2 Bb5 36. g3 Bd7 37. a4 Be8 38. a5 Bb5 39. Be4 Bd7 40. Bd3 Be8
41. Ba6 Bd7 42. Bb7 Ba4 43. Bc8 Bb5 44. Bg4 Ba4 45. h5 gxh5 46. Bxh5 f6 47. Be2
Be8 48. Bd3 Bd7 49. Bg6 Ba4 50. Bf5 Be8 51. axb6 axb6 52. Bd3 Bd7 53. Bc2 Be8
54. Bd3 Bd7 55. Bc2 Be8 56. Bd3 1/2-1/2

[Event "Aimchess US Rapid"]
[Site "chess24.com INT"]
[Date "2021.08.30"]
[EventDate "2021.08.28"]
[Round "15.5"]
[Result "1/2-1/2"]
[White "Alireza Firouzja"]
[Black "Anish Giri"]
[WhiteElo "2759"]
[BlackElo "2776"]
[PlyCount "86"]

1. d4 d5 2. Nf3 Nf6 3. c4 c6 4. cxd5 cxd5 5. Nc3 Nc6 6. Bf4 a6 7. e3 Bg4 8. h3
Bxf3 9. Qxf3 e6 10. Bd3 Bd6 11. Bg5 Be7 12. Bxf6 Bxf6 13. O-O O-O 14. Rac1 g6
15. a3 h5 16. Rfd1 Kg7 17. Na4 Qd6 18. Nc5 Rab8 19. b4 Rfc8 20. Bf1 a5 21. Rb1
axb4 22. axb4 b6 23. Nd3 Ra8 24. Rdc1 Ne7 25. Qf4 Nf5 26. b5 Qxf4 27. Nxf4 Rxc1
28. Rxc1 Bg5 29. g3 h4 30. Rc7 Kg8 31. Bd3 hxg3 32. Bxf5 gxf2+ 33. Kxf2 gxf5 34.
Rb7 Bh4+ 35. Kf3 Ra2 36. Ne2 Ra1 37. Nf4 Ra2 38. Ne2 f6 39. Re7 Ra1 40. Nf4 Ra2
41. Ne2 Ra1 42. Nf4 Ra2 43. Ne2 1/2-1/2

[Event "9th Norway Chess 2021"]
[Site "Stavanger NOR"]
[Date "2021.09.07"]
[EventDate "2021.09.07"]
[Round "1.1"]
[Result "1/2-1/2"]
[White "Alireza Firouzja"]
[Black "Magnus Carlsen"]
[WhiteElo "2754"]
[BlackElo "2855"]
[PlyCount "78"]

1. e4 c5 2. Nf3 Nc6 3. Bb5 e6 4. O-O Nge7 5. Re1 Ng6 6. c3 d5 7. h4 a6 8. Bxc6+
bxc6 9. h5 Nf4 10. d4 Nxh5 11. Ne5 Nf6 12. Qa4 Bd7 13. Bg5 Be7 14. Nxd7 Qxd7 15.
e5 Ng8 16. Bxe7 Nxe7 17. dxc5 Qb7 18. b4 a5 19. Qb3 O-O 20. Nd2 Qa6 21. Nf3 Qc4
22. Qxc4 dxc4 23. Re4 axb4 24. cxb4 Ra4 25. Rxc4 Rfa8 26. Nd4 Rxa2 27. Rxa2 Rxa2
28. b5 cxb5 29. Nxb5 Nc6 30. Nd4 Nxd4 31. Rxd4 Kf8 32. c6 Rc2 33. Rd8+ Ke7 34.
Rd7+ Ke8 35. Rc7 g5 36. Rc8+ Ke7 37. Rc7+ Ke8 38. Rc8+ Ke7 39. Rc7+ 1/2-1/2

[Event "9th Norway Armageddon"]
[Site "Stavanger NOR"]
[Date "2021.09.07"]
[EventDate "2021.09.07"]
[Round "1.1"]
[Result "1/2-1/2"]
[White "Alireza Firouzja"]
[Black "Magnus Carlsen"]
[WhiteElo "2754"]
[BlackElo "2855"]
[PlyCount "114"]

1. e4 c5 2. Nf3 Nc6 3. Bb5 e6 4. O-O Nge7 5. Re1 b6 6. d4 cxd4 7. Nxd4 Bb7 8.
Nc3 a6 9. Bf1 Nxd4 10. Qxd4 Nc6 11. Qe3 Bc5 12. Qg3 O-O 13. e5 f5 14. exf6 Rxf6
15. Bg5 Rxf2 16. Bxd8 Rf3+ 17. Kh1 Rxg3 18. Bxb6 Bxb6 19. hxg3 Bf2 20. Re2 Bxg3
21. Ne4 Be5 22. Nc5 Bc8 23. c3 d6 24. Ne4 Kf7 25. Rd1 Ke7 26. g3 Rb8 27. Bg2 d5
28. Nc5 Kd6 29. b4 a5 30. a3 axb4 31. axb4 Ra8 32. Ne4+ Kc7 33. b5 dxe4 34. Rxe4
Ra3 35. Rc4 Rxc3 36. Rxc3 Bxc3 37. Rc1 Na7 38. Rxc3+ Kb6 39. Bc6 e5 40. Kg1 Bf5
41. Be8 g6 42. Kf2 h5 43. Ra3 g5 44. Ra6+ Kb7 45. Rf6 Be4 46. Re6 h4 47. g4 Nc8
48. Rxe5 Nd6 49. Bd7 Kc7 50. Be6 Bb7 51. Ke3 h3 52. Rxg5 h2 53. Rh5 h1=Q 54.
Rxh1 Bxh1 55. g5 Be4 56. Kd4 Bh7 57. Ke5 Ne4 1/2-1/2

[Event "Norway Chess"]
[Site "Stavanger NOR"]
[Date "2021.09.12"]
[EventDate "2021.09.07"]
[Round "5"]
[Result "1-0"]
[White "Alireza Firouzja"]
[Black "Aryan Tari"]
[WhiteElo "2754"]
[BlackElo "2642"]
[PlyCount "72"]

1. e4 e5 2. Nf3 Nc6 3. Bc4 Nf6 4. d3 Bc5 5. c3 d6 6. O-O a5 7. Re1 O-O 8.
h3 h6 9. Bb5 Ba7 10. Nbd2 Ne7 11. d4 Ng6 12. a4 c6 13. Bd3 Re8 14. Bc2 Be6
15. Nf1 Qc7 16. Ng3 Rad8 17. Be3 d5 18. Nxe5 Nxe5 19. Bf4 Nfd7 20. exd5
Bxd5 21. dxe5 Nxe5 22. Qe2 Qb6 23. Be3 Qc7 24. Bf4 Qb6 25. Kh1 Ng6 26.
Qxe8+ Rxe8 27. Rxe8+ Kh7 28. Re2 Kg8 29. Be3 c5 30. Rd1 Qc6 31. Red2 Bxg2+
32. Kh2 Bf3 33. Rd8+ Kh7 34. R1d6 Qc7 35. R6d7 Qc6 36. Rxf7 1-0

[Event "Norway Chess"]
[Site "Stavanger NOR"]
[Date "2021.09.13"]
[EventDate "2021.09.07"]
[Round "6"]
[Result "1-0"]
[White "Magnus Carlsen"]
[Black "Alireza Firouzja"]
[WhiteElo "2855"]
[BlackElo "2754"]
[PlyCount "104"]

1. e4 e5 2. Nf3 Nc6 3. Bb5 a6 4. Ba4 Nf6 5. O-O b5 6. Bb3 Bc5 7. a4 Rb8 8.
c3 d6 9. d4 Bb6 10. a5 Ba7 11. h3 Bb7 12. Be3 Nxe4 13. Nbd2 Nxd2 14. Qxd2
O-O 15. dxe5 dxe5 16. Qxd8 Rbxd8 17. Bxa7 Nxa7 18. Nxe5 Bd5 19. Bc2 Nc6 20.
Nxc6 Bxc6 21. Rad1 Rfe8 22. Rxd8 Rxd8 23. Rd1 Rxd1+ 24. Bxd1 Kf8 25. f4 Ke7
26. Kf2 Kd6 27. b4 Bd5 28. g4 h6 29. g5 hxg5 30. fxg5 c5 31. Ke3 cxb4 32.
cxb4 Ke5 33. h4 g6 34. Bg4 Be6 35. h5 gxh5 36. Bxh5 Kf5 37. Bf3 Bc8 38. Kd4
Kxg5 39. Ke5 f5 40. Kd6 f4 41. Ke5 Kg6 42. Kxf4 Kf6 43. Bd5 Bd7 44. Bb7 Ke6
45. Ke4 Kd6 46. Bxa6 Bc6+ 47. Kd4 Be8 48. Bb7 Bd7 49. Bf3 Bc8 50. Be2 Bd7
51. Bd3 Bc6 52. Be4 1-0

[Event "Norway Chess"]
[Site "Stavanger NOR"]
[Date "2021.09.14"]
[EventDate "2021.09.07"]
[Round "7"]
[Result "1-0"]
[White "Alireza Firouzja"]
[Black "Ian Nepomniachtchi"]
[WhiteElo "2754"]
[BlackElo "2792"]
[PlyCount "114"]

1. e4 e5 2. Nf3 Nc6 3. Bc4 Nf6 4. d3 Bc5 5. c3 d6 6. O-O O-O 7. Re1 a5 8.
h3 Ba7 9. a4 h6 10. Nbd2 Be6 11. Bxe6 fxe6 12. Nc4 Nh5 13. Be3 Bxe3 14.
Rxe3 Nf4 15. Ncd2 Qf6 16. Nh2 Kh8 17. Qf1 Rf7 18. Ndf3 Raf8 19. g3 Nh5 20.
Rd1 Qe7 21. Kg2 Qe8 22. Rd2 Ne7 23. Qd1 Ng6 24. d4 exd4 25. cxd4 Nf6 26.
Qc2 e5 27. dxe5 dxe5 28. Rc3 c6 29. Rd6 Rd7 30. Rcd3 Rff7 31. Nf1 Rxd6 32.
Rxd6 Rd7 33. Rxd7 Qxd7 34. N1d2 Nh5 35. Kh2 Nf6 36. Qc3 Qc7 37. Kg2 c5 38.
Qd3 Ne7 39. Nc4 Nc6 40. Qd6 Qd7 41. Nfxe5 Nxe5 42. Qxe5 Qxa4 43. Qxc5 Qc2
44. e5 Ng8 45. Qd5 Qb3 46. e6 b5 47. Qa8 Kh7 48. Qe4+ Kh8 49. Nxa5 Qxb2 50.
e7 Nxe7 51. Qxe7 b4 52. Qe8+ Kh7 53. Qe4+ Kh8 54. Qd5 Qa3 55. Nb3 Qa4 56.
Nd4 Qe8 57. Qb7 1-0

[Event "Norway Chess"]
[Site "Stavanger NOR"]
[Date "2021.09.16"]
[EventDate "2021.09.07"]
[Round "9"]
[Result "0-1"]
[White "Aryan Tari"]
[Black "Alireza Firouzja"]
[WhiteElo "2642"]
[BlackElo "2754"]
[PlyCount "100"]

1. e4 c5 2. Nf3 d6 3. d4 cxd4 4. Nxd4 Nf6 5. Nc3 a6 6. a4 e5 7. Nf3 h6 8.
Nd2 Be6 9. Nc4 Be7 10. Nd5 Nxd5 11. exd5 Bf5 12. a5 Nd7 13. Be2 O-O 14. O-O
Qc7 15. Be3 Bh7 16. Ra3 Rac8 17. Kh1 f5 18. f4 Bf6 19. b4 Rce8 20. Qd2 Re7
21. fxe5 Nxe5 22. Nb6 Ng4 23. Bf4 Rfe8 24. Bf3 g5 25. Bxg4 fxg4 26. Be3 Rf7
27. c4 Bb2 28. Rxf7 Qxf7 29. Qxb2 Qf1+ 30. Bg1 Re2 31. Qxe2 Qxe2 32. Re3
Qc2 33. c5 Be4 34. Rg3 dxc5 35. d6 cxb4 36. d7 Qd2 37. Rxg4 Bc6 38. Bd4
Bxd7 39. Nxd7 b3 40. h3 b2 41. Bxb2 Qxb2 42. Kh2 Qc3 43. Rg3 Qxa5 44. Nf6+
Kf7 45. Ng4 Kg7 46. Rd3 Qc7+ 47. Kh1 a5 48. Ne3 a4 49. Nf5+ Kg6 50. g4 Qc1+
0-1

[Event "World Blitz 2021"]
[Site "Warsaw POL"]
[Date "2021.12.29"]
[EventDate "2021.12.29"]
[Round "4.59"]
[Result "0-1"]
[White "Gergely Kantor"]
[Black "Alireza Firouzja"]
[WhiteElo "2575"]
[BlackElo "2804"]
[PlyCount "88"]

1. d4 Nf6 2. c4 g6 3. Nc3 Bg7 4. e4 d6 5. h3 O-O 6. Be3 e5 7. d5 Na6 8. g4 Nc5
9. f3 c6 10. b4 Na6 11. a3 cxd5 12. cxd5 Bd7 13. Qd2 Rc8 14. Nge2 h5 15. Bg5 h4
16. Qd3 Nc7 17. Bxh4 a5 18. b5 Na8 19. Bg5 Qc7 20. h4 Nh7 21. Be3 Qd8 22. h5 Ng5
23. Bg2 Nb6 24. a4 Nc4 25. Bc1 Bf6 26. Ra2 Kg7 27. Ng3 Rh8 28. Rc2 Rc5 29. Nd1
Qc7 30. Ke2 Rc8 31. hxg6 fxg6 32. Nf2 Qd8 33. Nf1 Nb2 34. Rxc5 Nxd3 35. Rxc8
Qxc8 36. Nxd3 Qc2+ 37. Bd2 Qxa4 38. Ne3 Bxb5 39. Rb1 Ba6 40. Rc1 Qd4 41. Rc3 Nf7
42. Nc2 Qg1 43. Ne1 Bh4 44. Ra3 Bxe1 0-1

[Event "SuperUnited Croatia"]
[Site "Zagreb CRO"]
[Date "2022.07.23"]
[EventDate "2022-07-23"]
[Round "1.4"]
[Result "1/2-1/2"]
[White "Alireza Firouzja"]
[Black "Veselin Topalov"]
[WhiteElo "2793"]
[BlackElo "2728"]
[PlyCount "104"]

1. e4 e5 2. Nf3 Nc6 3. Bb5 a6 4. Ba4 Nf6 5. O-O Be7 6. Re1 b5 7. Bb3 O-O 8. d3
d6 9. c3 Na5 10. Bc2 c5 11. Nbd2 Nc6 12. Nf1 Re8 13. h3 h6 14. Ne3 Be6 15. a3
Bf8 16. b4 Rb8 17. Rb1 d5 18. exd5 Nxd5 19. Nxd5 Bxd5 20. Be3 cxb4 21. axb4 a5
22. bxa5 Qxa5 23. Bd2 b4 24. Bb3 Bxb3 25. Rxb3 Qd5 26. Qc2 bxc3 27. Rxb8 Rxb8
28. Bxc3 f6 29. Re4 Qb3 30. Qd2 Rd8 31. Rg4 Qb1+ 32. Ne1 Kh7 33. Rc4 Qb5 34. Qe2
Qd5 35. Nc2 Ne7 36. d4 Ng6 37. Ne3 Qb5 38. Qc2 exd4 39. Bxd4 Rb8 40. Qd2 Qb1+
41. Rc1 Qe4 42. f3 Qe6 43. Qd3 Rd8 44. h4 Kg8 45. Qxg6 Rxd4 46. Nf5 Rxh4 47. Kf2
Qb6+ 48. Kg3 Qb8+ 49. Kxh4 Qf4+ 50. Qg4 Qxc1 51. Ng3 Qc5 52. Kh3 Qg5 1/2-1/2

[Event "SuperUnited Croatia"]
[Site "Zagreb CRO"]
[Date "2022.07.23"]
[EventDate "2022-07-23"]
[Round "2.3"]
[Result "1/2-1/2"]
[White "Wesley So"]
[Black "Alireza Firouzja"]
[WhiteElo "2773"]
[BlackElo "2793"]
[PlyCount "94"]

1. e4 e5 2. Nf3 Nc6 3. Bb5 Nf6 4. O-O Nxe4 5. Re1 Nd6 6. Nxe5 Be7 7. Bf1 Nxe5 8.
Rxe5 O-O 9. d4 Bf6 10. Re1 Re8 11. Bf4 Rxe1 12. Qxe1 Ne8 13. c3 d5 14. Nd2 Bf5
15. h3 c6 16. Qe3 Nd6 17. Re1 h6 18. Qg3 Bh4 19. Qf3 Bg5 20. g3 Ne4 21. Nxe4
Bxe4 22. Qe3 Bxf4 23. Qxf4 Qd7 24. f3 Bg6 25. h4 Re8 26. Rxe8+ Qxe8 27. Kf2 Qd8
28. a3 f6 29. Bh3 Bf7 30. Bf5 g5 31. hxg5 hxg5 32. Qc1 Qe8 33. f4 Bg6 34. Qc2
Bxf5 35. Qxf5 gxf4 36. Qxf4 Kg7 37. Qc7+ Qf7 38. Qxf7+ Kxf7 39. Kf3 Kg6 40. Kf4
b5 41. b4 a6 42. g4 Kg7 43. g5 Kg6 44. gxf6 Kxf6 45. Kg4 Kg6 46. Kf4 Kf6 47. Kg4
Kg6 1/2-1/2

[Event "SuperUnited Croatia"]
[Site "Zagreb CRO"]
[Date "2022.07.23"]
[EventDate "2022-07-23"]
[Round "3.3"]
[Result "0-1"]
[White "Alireza Firouzja"]
[Black "Dominguez Perez, Leinier"]
[WhiteElo "2793"]
[BlackElo "2754"]
[PlyCount "118"]

1. d4 d5 2. Bg5 Nf6 3. e3 Ne4 4. Bf4 Bf5 5. f3 Nf6 6. Nc3 e6 7. g4 Bg6 8. h4 h6
9. Bd3 Bxd3 10. Qxd3 Bd6 11. Nge2 Nc6 12. O-O-O a6 13. Kb1 Qe7 14. g5 Nh5 15.
Bxd6 Qxd6 16. e4 O-O-O 17. e5 Qe7 18. f4 g6 19. Na4 Kb8 20. Nc5 Ka7 21. Ka1 Nb8
22. Rh3 b6 23. Nb3 Ng7 24. c4 hxg5 25. fxg5 dxc4 26. Qxc4 Nf5 27. Rc1 Rd7 28.
Nc3 Kb7 29. a4 Rhd8 30. Ne2 a5 31. h5 gxh5 32. Rxh5 Qb4 33. Qxb4 axb4 34. Rh7
Nc6 35. Rc4 Rg8 36. a5 Nxa5 37. Nxa5+ bxa5 38. Rh5 Rgd8 39. Rh7 Nxd4 40. Nc1 Nc6
41. Nb3 Kb6 42. Nc5 Rd1+ 43. Ka2 Kb5 44. Rhh4 a4 45. Nxa4 b3+ 46. Kxb3 Na5+ 47.
Ka2 Nxc4 48. Nc3+ Kc5 49. Kb3 Na5+ 50. Ka2 R1d4 51. Rh7 R8d7 52. Ne2 Ra4+ 53.
Kb1 Re4 54. Nc3 Re1+ 55. Ka2 Kc6 56. Rh4 Rxe5 57. b4 Nb7 58. Rg4 Nd6 59. Kb3 Re3 0-1

[Event "SuperUnited Croatia"]
[Site "Zagreb CRO"]
[Date "2022.07.23"]
[EventDate "2022-07-23"]
[Round "4.4"]
[Result "1/2-1/2"]
[White "Vachier-Lagrave, Maxime"]
[Black "Alireza Firouzja"]
[WhiteElo "2760"]
[BlackElo "2793"]
[PlyCount "84"]

1. e4 c6 2. d4 d5 3. exd5 cxd5 4. Bd3 Nf6 5. c3 Bg4 6. Qb3 Qc7 7. Ne2 Nc6 8. Bf4
Qd7 9. Nd2 e6 10. Ng3 Be7 11. O-O O-O 12. Rae1 Bd6 13. Be5 Nh5 14. Qc2 Nxg3 15.
hxg3 g6 16. Bxd6 Qxd6 17. f3 Bf5 18. Bxf5 exf5 19. f4 Rfe8 20. Nf3 f6 21. Qb3
Qd7 22. Qb5 a6 23. Qb6 Kg7 24. Kf2 Kf7 25. Rxe8 Rxe8 26. Re1 Ra8 27. a4 Ne7 28.
a5 Nc8 29. Qc5 Qc6 30. Qxc6 bxc6 31. b4 Nd6 32. Nd2 Ne4+ 33. Nxe4 fxe4 34. g4
Rh8 35. Rh1 h5 36. Ke3 f5 37. g5 Ke6 38. g3 Rb8 39. Rh2 Kd6 40. Rh1 Ke6 41. Rh2
Kd6 42. Rh1 1/2-1/2

[Event "SuperUnited Croatia"]
[Site "Zagreb CRO"]
[Date "2022.07.23"]
[EventDate "2022-07-23"]
[Round "5.2"]
[Result "1/2-1/2"]
[White "Alireza Firouzja"]
[Black "Ian Nepomniachtchi"]
[WhiteElo "2793"]
[BlackElo "2766"]
[PlyCount "90"]

1. d4 Nf6 2. Bg5 d5 3. e3 e6 4. Nd2 h6 5. Bh4 c5 6. c3 Qc7 7. Bd3 b6 8. f4 Nc6
9. Ngf3 cxd4 10. cxd4 Nb4 11. Bb5+ Bd7 12. Bxd7+ Nxd7 13. O-O Bd6 14. Rc1 Qb7
15. a3 Nc6 16. Ne5 Ne7 17. Bxe7 Bxe7 18. Nc6 Bd6 19. e4 O-O 20. Qf3 Bc5 21. exd5
exd5 22. Qxd5 Nf6 23. Qf3 Rac8 24. dxc5 Rxc6 25. Nc4 Qc7 26. b4 bxc5 27. Ne5 Re6
28. bxc5 Nd7 29. Nxd7 Qxd7 30. c6 Qc7 31. Rc3 Qb6+ 32. Kh1 Rfe8 33. h3 Qc7 34.
Rcc1 Re3 35. Qd5 Rxa3 36. Rfe1 Rxe1+ 37. Rxe1 Qxf4 38. Qd8+ Kh7 39. c7 Rxh3+ 40.
gxh3 Qf3+ 41. Kg1 Qg3+ 42. Kf1 Qf3+ 43. Kg1 Qg3+ 44. Kf1 Qf3+ 45. Kg1 1/2-1/2

[Event "SuperUnited Croatia"]
[Site "Zagreb CRO"]
[Date "2022.07.23"]
[EventDate "2022-07-23"]
[Round "6.5"]
[Result "1/2-1/2"]
[White "Shakhriyar Mamedyarov"]
[Black "Alireza Firouzja"]
[WhiteElo "2759"]
[BlackElo "2793"]
[PlyCount "142"]

1. d4 Nf6 2. c4 e6 3. Nf3 d5 4. Nc3 dxc4 5. e4 b5 6. e5 Nd5 7. Nxb5 Nb6 8. Be2
Nc6 9. O-O Be7 10. Be3 O-O 11. Qc2 Rb8 12. Nc3 Nb4 13. Qd2 Ba6 14. Rfc1 N6d5 15.
Nxd5 Qxd5 16. b3 cxb3 17. Bxa6 b2 18. Qxb2 Nxa6 19. Qe2 Rb6 20. h3 Rfb8 21. Qc4
c6 22. Nd2 Nc7 23. Nb3 Qxc4 24. Rxc4 Nd5 25. Bd2 Ra6 26. Na5 c5 27. Rac1 Rb2 28.
Be1 Nf4 29. R4c2 Ne2+ 30. Kf1 Rxc2 31. Rxc2 Nxd4 32. Rb2 Rb6 33. Bc3 Bd8 34.
Rxb6 Bxb6 35. Bxd4 cxd4 36. Nc4 Bc5 37. f4 d3 38. Nb2 d2 39. Ke2 Bb4 40. Nc4 Kf8
41. Nxd2 Ke7 42. Ne4 f5 43. exf6+ gxf6 44. g4 f5 45. Ng3 Kf6 46. g5+ Kf7 47. Kf3
Bd6 48. Ne2 e5 49. fxe5 Bxe5 50. Nf4 a5 51. h4 a4 52. h5 Bd6 53. Ne2 Be5 54. Nc1
Ke6 55. Nd3 Bd6 56. Nb2 a3 57. Nc4 Be7 58. Kf4 Bf8 59. Kf3 Kd5 60. Ne3+ Kd4 61.
Nxf5+ Kc3 62. Ne3 Kb2 63. Nc4+ Kxa2 64. Ke4 Kb3 65. Nxa3 Kxa3 66. Kf5 Be7 67. g6
hxg6+ 68. hxg6 Bf8 69. Kf6 Bh6 70. g7 Bxg7+ 71. Kxg7 1/2-1/2

[Event "SuperUnited Croatia"]
[Site "Zagreb CRO"]
[Date "2022.07.23"]
[EventDate "2022-07-23"]
[Round "7.1"]
[Result "0-1"]
[White "Alireza Firouzja"]
[Black "Ivan Saric"]
[WhiteElo "2793"]
[BlackElo "2680"]
[PlyCount "78"]

1. e4 c5 2. Nf3 d6 3. Bc4 Nc6 4. O-O Nf6 5. d3 e6 6. c3 Be7 7. Bb3 b5 8. Re1 Bb7
9. Nbd2 O-O 10. h3 a5 11. a4 b4 12. Bc4 d5 13. Bb5 Na7 14. e5 Nd7 15. Bxd7 Qxd7
16. Nf1 d4 17. c4 f5 18. exf6 Rxf6 19. Ne5 Qc7 20. Bg5 Rf5 21. Bxe7 Qxe7 22. Ng3
Rf4 23. Qh5 Raf8 24. Re2 Rh4 25. Qxh4 Qxh4 26. Nd7 Rf7 27. Nxc5 Bc8 28. Nxe6
Bxe6 29. Rxe6 Qf4 30. Ne4 h6 31. Re1 Kh7 32. Ra6 Nc8 33. c5 Ne7 34. Re6 Nd5 35.
c6 Nc3 36. g3 Qf5 37. c7 Nxe4 38. R6xe4 Qxf2+ 39. Kh1 Rxc7 0-1

[Event "SuperUnited Croatia"]
[Site "Zagreb CRO"]
[Date "2022.07.23"]
[EventDate "2022-07-23"]
[Round "9.2"]
[Result "0-1"]
[White "Van Foreest, Jorden"]
[Black "Alireza Firouzja"]
[WhiteElo "2678"]
[BlackElo "2793"]
[PlyCount "98"]

1. e4 d6 2. d4 Nf6 3. Nc3 e5 4. dxe5 dxe5 5. Qxd8+ Kxd8 6. Bc4 Ke8 7. f4 Bd6 8.
Nf3 Nc6 9. O-O exf4 10. e5 Bc5+ 11. Kh1 Nh5 12. Nd5 Bb6 13. Nxf4 Nxf4 14. Bxf4
Be6 15. Bxe6 fxe6 16. Rad1 h6 17. h4 Rf8 18. g3 Nb4 19. c4 Nxa2 20. Nd2 Nb4 21.
Ne4 Nc6 22. Kg2 Rd8 23. Rxd8+ Kxd8 24. c5 Ba5 25. h5 Ke8 26. g4 Bb4 27. g5 hxg5
28. Nxg5 Ke7 29. Ne4 Ke8 30. h6 gxh6 31. Nf6+ Kd8 32. Bxh6 Rf7 33. Bg5 Kc8 34.
Rh1 Bxc5 35. Ne4 Bb4 36. Bf6 Rf8 37. Ng5 Re8 38. Kf3 a5 39. Ke4 a4 40. Rc1 Na5
41. Rd1 Nc4 42. Nxe6 Nxb2 43. Rd4 a3 44. Ng7 Rg8 45. e6 a2 46. Rxb4 a1=Q 47.
Rxb2 Qf1 48. Ke5 Rf8 49. Nf5 Qe1+ 0-1

[Event "SuperUnited Croatia"]
[Site "Zagreb CRO"]
[Date "2022.07.24"]
[EventDate "2022-07-23"]
[Round "10.4"]
[Result "1/2-1/2"]
[White "Veselin Topalov"]
[Black "Alireza Firouzja"]
[WhiteElo "2728"]
[BlackElo "2793"]
[PlyCount "114"]

1. c4 e5 2. d3 Nf6 3. Nf3 Nc6 4. a3 g6 5. Nc3 Bg7 6. e3 O-O 7. Be2 d5 8. cxd5
Nxd5 9. Qc2 a5 10. O-O Nde7 11. Rb1 Be6 12. Ng5 Bf5 13. Nge4 h6 14. b4 axb4 15.
axb4 b6 16. b5 Nb8 17. Bb2 Nd7 18. Ra1 g5 19. Ba3 Be6 20. Ng3 Re8 21. Bf3 Rc8
22. Bxe7 Qxe7 23. Bc6 Red8 24. e4 Nf6 25. Rfd1 Qc5 26. Rac1 Qb4 27. Rb1 Qe7 28.
h3 g4 29. h4 Nh7 30. h5 Qg5 31. Nd5 Bf8 32. d4 exd4 33. Rxd4 Bc5 34. Rd3 Nf6 35.
Rbd1 Bxd5 36. Bxd5 Nxd5 37. Rxd5 Rxd5 38. Rxd5 Qf4 39. Rf5 Qxg3 40. Rxc5 Qd6 41.
Rc6 Qf4 42. g3 Qe5 43. Qc4 Kg7 44. Kg2 Re8 45. Rxc7 Qxe4+ 46. Qxe4 Rxe4 47. Rc6
Re5 48. Rxb6 Rxh5 49. f3 gxf3+ 50. Kxf3 Rc5 51. Kf4 h5 52. Rb8 Rc4+ 53. Kf5 Rc3
54. Kf4 Kf6 55. Rb6+ Kg7 56. Rb8 Kf6 57. Rb6+ Kg7 1/2-1/2

[Event "SuperUnited Croatia"]
[Site "Zagreb CRO"]
[Date "2022.07.24"]
[EventDate "2022-07-23"]
[Round "11.3"]
[Result "1-0"]
[White "Alireza Firouzja"]
[Black "Wesley So"]
[WhiteElo "2793"]
[BlackElo "2773"]
[PlyCount "72"]

1. d4 Nf6 2. c4 e6 3. Nc3 Bb4 4. e3 O-O 5. Bd2 d5 6. a3 Be7 7. Nf3 b6 8. cxd5
exd5 9. Bd3 c5 10. Rc1 Bb7 11. O-O Nc6 12. dxc5 bxc5 13. Ne2 Ne4 14. Qc2 Rb8 15.
Rfd1 Qb6 16. Nf4 Nxd2 17. Rxd2 Na5 18. Bxh7+ Kh8 19. Nxd5 Bxd5 20. Rxd5 g6 21.
Bxg6 fxg6 22. Ne5 Qxb2 23. Nxg6+ Kg7 24. Qxb2+ Rxb2 25. Nxe7 Rfxf2 26. Nf5+ Kf6
27. Nh4 Nb3 28. Rc3 Rfe2 29. Rd1 Rec2 30. Rxc2 Rxc2 31. Nf3 a5 32. h4 c4 33.
Rd6+ Kf5 34. h5 c3 35. Rc6 Rc1+ 36. Kh2 1-0

[Event "SuperUnited Croatia"]
[Site "Zagreb CRO"]
[Date "2022.07.24"]
[EventDate "2022-07-23"]
[Round "12.3"]
[Result "0-1"]
[White "Dominguez Perez, Leinier"]
[Black "Alireza Firouzja"]
[WhiteElo "2754"]
[BlackElo "2793"]
[PlyCount "88"]

1. e4 e5 2. Nf3 Nc6 3. Bb5 a6 4. Ba4 Nf6 5. O-O b5 6. Bb3 Bb7 7. d3 Bc5 8. a4
O-O 9. Nc3 Na5 10. Bd5 Nxd5 11. Nxd5 Nc6 12. Be3 Bd6 13. c4 bxc4 14. dxc4 a5 15.
c5 Be7 16. Qc2 Re8 17. Rfd1 h6 18. Rd2 Bf8 19. Rad1 Re6 20. h3 Rb8 21. Qc3 Ba8
22. Rd3 Nb4 23. Nxb4 axb4 24. Qc4 Bc6 25. b3 Qf6 26. Nd2 Qg6 27. f3 Kh8 28. Bf2
Be7 29. Nf1 f5 30. Ng3 fxe4 31. Nxe4 Rf8 32. Kh2 Bg5 33. Bg3 Bf4 34. Bxf4 exf4
35. Rd4 Rfe8 36. Qxb4 Bxe4 37. Rxe4 Rxe4 38. fxe4 Qg3+ 39. Kh1 f3 40. Qd2 Rxe4
41. Rg1 Re2 42. Qd5 f2 43. Rf1 Re1 44. Qc4 Qe3 0-1

[Event "SuperUnited Croatia"]
[Site "Zagreb CRO"]
[Date "2022.07.24"]
[EventDate "2022-07-23"]
[Round "13.1"]
[Result "0-1"]
[White "Alireza Firouzja"]
[Black "Vachier-Lagrave, Maxime"]
[WhiteElo "2793"]
[BlackElo "2760"]
[PlyCount "96"]

1. Nf3 c5 2. c4 Nc6 3. Nc3 e5 4. g3 g6 5. Bg2 Bg7 6. O-O Nge7 7. b3 d5 8. cxd5
Nxd5 9. Qc2 Bf5 10. e4 Ndb4 11. Qb1 Be6 12. a3 Nd3 13. Nd5 Bxd5 14. exd5 Qxd5
15. Ne1 e4 16. Nxd3 Qxd3 17. Bxe4 Qxb1 18. Rxb1 O-O-O 19. b4 cxb4 20. axb4 Rhe8
21. d3 f5 22. Bg2 Rxd3 23. Bf4 a6 24. b5 axb5 25. Rxb5 Bd4 26. Rfb1 Re7 27. Bg5
Rc7 28. Rd5 Rd7 29. Rxd7 Kxd7 30. Rxb7+ Kd6 31. Rxh7 Ne5 32. Bf1 Nf3+ 33. Kg2
Nxg5 34. Rh6 Rc3 35. Rxg6+ Ne6 36. f4 Rc2+ 37. Kh3 Bg1 38. Bg2 Ke7 39. Rh6 Nd4
40. Rh7+ Kf6 41. Rh6+ Kg7 42. Rd6 Kf7 43. Rd5 Ke6 44. Re5+ Kf6 45. Rd5 Nf3 46.
Rd1 Nxh2 47. Rxg1 Ng4 48. Kh4 Rc7 0-1